[Event "AUTO-MASTER-774"]
[Site "http://www.queenalice.com/game.php?id=566166"]
[Date "2009.4.3"]
[Round "1"]
[White "javierqz"]
[Black "Dom81"]
[Result "0-1"]
[WhiteElo "2109"]
[BlackElo "2231"]

1. e4 e6 2. d4 d5 3. exd5 exd5 4. Nc3 Nc6 5. Nf3 Nf6 6. Bg5 Bb4 7. Be2 h6 8. Bh4
g5 9. Bg3 Ne4 10. O-O Bxc3 11. bxc3 Nxc3 12. Qd2 Ne4 13. Qe3 O-O 14. Rae1 Bg4
15. Ne5 Bxe2 16. Nxc6 Qf6 17. Rxe2 Qxc6 18. f4 Rae8 19. Rfe1 b5 20. Qb3 Qf6 21.
Bf2 Qxf4 22. Qf3 Qd6 23. Bg3 Qb6 24. Bf2 Re6 0-1

[Event "AUTO-MASTER-774"]
[Site "http://www.queenalice.com/game.php?id=566173"]
[Date "2009.4.3"]
[Round "1"]
[White "Eduardomoreto67"]
[Black "javierqz"]
[Result "1/2-1/2"]
[WhiteElo "2045"]
[BlackElo "2109"]

1. e4 d5 2. exd5 Qxd5 3. Nc3 Qd6 4. d4 Nf6 5. Nf3 a6 6. Bd3 b5 7. O-O Bb7 8. Re1
e6 9. a3 Be7 10. Be3 O-O 11. Qd2 Nbd7 12. Bf4 Qb6 13. Be2 Rfd8 14. Qc1 Rac8 15.
b4 Bxf3 16. Bxf3 Qxd4 17. Ne2 Qb6 18. c4 c5 19. Be3 bxc4 20. Qxc4 Ne5 21. bxc5
Nxf3+ 22. gxf3 Bxc5 23. Bxc5 Rxc5 24. Qa2 Rg5+ 25. Ng3 h5 26. Kf1 h4 27. Ne4
Nxe4 28. Rxe4 Qd6 29. Rxh4 Qd3+ 30. Qe2 Qc3 31. Rd1 Rxd1+ 32. Qxd1 Rd5 33. Qb1
Qd2 34. Qh7+ Kf8 35. Rb4 Qd1+ 36. Kg2 Rg5+ 37. Rg4 Rxg4+ 38. fxg4 Qxg4+ 39. Kf1
Ke7 40. Qd3 Qa4 41. Qg3 g6 42. Qc7+ Qd7 43. Qc5+ Kf6 44. Qc3+ e5 45. Ke2 Ke6 46.
Qc4+ Ke7 47. Qxa6 Qg4+ 48. Kf1 Qd1+ 49. Kg2 1/2-1/2

[Event "AUTO-MASTER-774"]
[Site "http://www.queenalice.com/game.php?id=566174"]
[Date "2009.4.3"]
[Round "1"]
[White "javierqz"]
[Black "Eduardomoreto67"]
[Result "1/2-1/2"]
[WhiteElo "2109"]
[BlackElo "2043"]

1. e4 Nf6 2. Nc3 c6 3. f4 d5 4. d3 dxe4 5. Be3 exd3 6. Bxd3 Bg4 7. Nf3 Nd5 8.
Nxd5 Qxd5 9. O-O e6 10. Qe1 Nd7 11. a4 Bd6 12. Rd1 e5 13. Bf5 Bxf3 14. Rxd5 Bxd5
15. fxe5 Nxe5 16. Bf4 f6 17. Bxe5 Bxe5 18. Qb4 b6 19. c4 Bd4+ 20. Kh1 Bc5 21.
Qc3 Bf7 22. Re1+ Kf8 23. b4 Bd6 24. c5 bxc5 25. bxc5 Be5 26. Qd3 Bd5 27. Qa6 Rb8
28. Qxa7 Rb2 29. Bh3 g5 30. Qd7 h5 31. Qf5 Ra2 32. Qf1 Kg7 33. Bf5 Bxg2+ 34.
Qxg2 Rxg2 35. Kxg2 Ra8 36. Re4 Rd8 37. Re2 Rd5 38. Rc2 Bd4 39. Be4 Rxc5 40. Rxc5
Bxc5 41. Bxc6 f5 42. a5 h4 43. a6 Kf6 44. h3 g4 45. hxg4 fxg4 46. Bf3 gxf3+ 47.
Kxf3 Kg5 1/2-1/2

[Event "Copa Oscar Edo."]
[Site "http://www.queenalice.com/game.php?id=604321"]
[Date "2009.6.16"]
[Round "1"]
[White "Denny"]
[Black "javierqz"]
[Result "0-1"]
[WhiteElo "1376"]
[BlackElo "2107"]

1. Nc3 d5 2. d4 Nf6 3. Nf3 Nc6 4. e3 Bg4 5. h3 Bh5 6. g4 Bg6 7. Bb5 Qd6 8. g5
Ne4 9. Nxe4 Bxe4 10. Bd3 e6 11. Bxe4 dxe4 12. Nd2 Be7 13. Nxe4 Qd5 14. Qd3 Nb4
15. c4 Nxd3+ 0-1

[Event "Copa Oscar Edo."]
[Site "http://www.queenalice.com/game.php?id=644962"]
[Date "2009.8.31"]
[Round "3"]
[White "technicaldraw"]
[Black "javierqz"]
[Result "0-1"]
[WhiteElo "2048"]
[BlackElo "2095"]

1. e4 d5 2. exd5 Qxd5 3. Nc3 Qd6 4. d4 Nf6 5. Nf3 a6 6. g3 b5 7. Bg2 Bb7 8. O-O
e6 9. Bf4 Qb6 10. a4 b4 11. a5 Qa7 12. Bxc7 Nbd7 13. Na4 Nd5 14. Ne5 Nxc7 15.
Nxd7 Bxg2 16. Kxg2 Kxd7 17. Nb6+ Kd8 18. Nxa8 Qxa8+ 19. Kg1 Qd5 20. Qg4 h5 21.
Qe2 h4 22. Qe3 Qh5 23. Qe5 g5 24. d5 hxg3 25. Qxg3 Nxd5 26. Rfd1 Kd7 27. c4 bxc3
28. bxc3 Bd6 0-1

[Event "AUTO-MASTER-909"]
[Site "http://www.queenalice.com/game.php?id=653305"]
[Date "2009.9.16"]
[Round "1"]
[White "javierqz"]
[Black "MarceloPadre"]
[Result "1-0"]
[WhiteElo "2107"]
[BlackElo "2156"]

1. e4 e5 2. Nc3 Nf6 3. f4 d6 4. Nf3 exf4 5. Bc4 Be7 6. O-O O-O 7. d4 Nxe4 8.
Bxf7+ Rxf7 9. Nxe4 Bg4 10. c3 d5 11. Nf2 Bh5 12. Nd3 Nd7 13. Qb3 Bxf3 14. Rxf3
Nb6 15. Ne5 Rf8 16. Bxf4 Bf6 17. Raf1 Qe7 18. Qc2 Bg5 19. Rh3 g6 20. Nxg6 hxg6
21. Qxg6+ Qg7 22. Qe6+ Qf7 23. Be5 1-0

[Event "AUTO-MASTER-909"]
[Site "http://www.queenalice.com/game.php?id=653306"]
[Date "2009.9.16"]
[Round "1"]
[White "MarceloPadre"]
[Black "javierqz"]
[Result "1/2-1/2"]
[WhiteElo "2079"]
[BlackElo "2119"]

1. d4 d5 2. c4 Nf6 3. cxd5 Qxd5 4. Nc3 Qd8 5. e4 g6 6. Bg5 Bg7 7. Qd2 c6 8. f3
Nbd7 9. Bc4 b5 10. Bb3 Nb6 11. Nge2 Be6 12. Bxe6 fxe6 13. Bh6 O-O 14. b3 Qc7 15.
Rc1 a6 16. Bxg7 Kxg7 17. Nf4 Qd7 18. e5 Nfd5 19. Nfxd5 exd5 20. O-O Rac8 21. Nd1
Na8 22. Ne3 Nc7 23. f4 Kg8 24. g4 Ne8 25. f5 Ng7 26. e6 Qd6 27. Rc5 Ne8 28. Rfc1
Nf6 29. Qd3 Ne4 30. R5c2 Qf4 31. Rf1 Qd6 32. Rfc1 Qf4 33. Rf1 1/2-1/2

[Event "AUTO-MASTER-909"]
[Site "http://www.queenalice.com/game.php?id=653307"]
[Date "2009.9.16"]
[Round "1"]
[White "javierqz"]
[Black "cheleazul"]
[Result "0-1"]
[WhiteElo "2131"]
[BlackElo "2320"]

1. e4 c5 2. Nf3 d6 3. c3 Nf6 4. Bd3 Nc6 5. O-O h6 6. Bc2 Bg4 7. d4 Bxf3 8. Qxf3
cxd4 9. Ba4 e5 10. cxd4 exd4 11. Re1 Be7 12. Bf4 O-O 13. Nd2 Ne5 14. Bxe5 dxe5
15. Bb3 Bb4 16. Red1 a5 17. Nc4 a4 18. Bc2 Rc8 19. Bd3 Rc5 20. a3 Ba5 21. Rac1
Qc7 22. Rc2 b5 23. Nxa5 Rxc2 24. Bxc2 Qxc2 0-1

[Event "AUTO-MASTER-909"]
[Site "http://www.queenalice.com/game.php?id=653308"]
[Date "2009.9.16"]
[Round "1"]
[White "cheleazul"]
[Black "javierqz"]
[Result "1-0"]
[WhiteElo "2372"]
[BlackElo "2125"]

1. e4 d5 2. exd5 Qxd5 3. Nf3 Nf6 4. Nc3 Qd6 5. d4 a6 6. Bc4 b5 7. Bd3 Bb7 8. O-O
e6 9. Qe2 Be7 10. Re1 O-O 11. a4 b4 12. Ne4 Qb6 13. Bg5 Nbd7 14. a5 Qa7 15. Ne5
Nxe5 16. dxe5 Nd5 17. Qg4 Bxg5 18. Nxg5 h6 19. Qe4 g6 20. Nf3 Qc5 21. Nd2 Bc6
22. Nb3 Qe7 23. h4 h5 24. Qd4 Rfd8 25. Qc5 Qxc5 26. Nxc5 Nf4 27. Bf1 Rd2 28. g3
Rxc2 29. Rac1 Rxc1 30. Rxc1 Nd5 31. Nxa6 Ba4 32. Ra1 Bc2 33. Nc5 b3 34. Ra3 Kf8
35. a6 Ke7 36. Nxb3 Bxb3 37. Rxb3 Nb6 38. Kg2 Kd7 39. Kf3 Kc6 40. Ke4 Ra7 41.
Rf3 Na4 42. b4 1-0

[Event "AUTO-MASTER-909"]
[Site "http://www.queenalice.com/game.php?id=653309"]
[Date "2009.9.16"]
[Round "1"]
[White "javierqz"]
[Black "danbots5k"]
[Result "1/2-1/2"]
[WhiteElo "2126"]
[BlackElo "2305"]

1. e4 c5 2. Nf3 e6 3. c3 d6 4. d4 Nd7 5. Bf4 Qb6 6. Qc2 Ngf6 7. Nbd2 Be7 8. Bd3
d5 9. e5 c4 10. exf6 cxd3 11. fxg7 Rg8 12. Qxd3 Rxg7 13. b4 Rg6 14. O-O f5 15.
Ne5 Nxe5 16. Bxe5 Bd7 17. Nf3 Bb5 18. Qb1 Bxf1 19. Qxf1 Kf7 20. Bg3 Bf6 21. a4
Rag8 22. Qc1 Rg4 23. h3 R4g6 24. Kh1 Qd8 25. Qe3 Qc8 26. Rg1 h5 27. Be5 Be7 28.
Bg3 Bf6 29. Be5 Qe8 30. a5 R8g7 31. Qf4 Kg8 32. Bxf6 Rxf6 33. Ne5 Kh7 34. h4 Rf8
35. Re1 Rfg8 36. g3 Qc8 37. Qf3 Qe8 38. Qf4 1/2-1/2

[Event "AUTO-MASTER-909"]
[Site "http://www.queenalice.com/game.php?id=653310"]
[Date "2009.9.16"]
[Round "1"]
[White "danbots5k"]
[Black "javierqz"]
[Result "1-0"]
[WhiteElo "2311"]
[BlackElo "2125"]

1. Nf3 d5 2. d4 Nf6 3. c4 g6 4. Nc3 Bg7 5. cxd5 Nxd5 6. e3 O-O 7. Qb3 c6 8. Be2
Qb6 9. Nxd5 Qxb3 10. Nxe7+ Kh8 11. axb3 Be6 12. Bc4 Bxc4 13. bxc4 Re8 14. Nxg6+
hxg6 15. e4 Rxe4+ 16. Be3 Nd7 17. O-O a6 18. Nd2 Re7 19. Ra3 Rae8 20. c5 Nf6 21.
Nc4 Nd5 22. Rd1 Nxe3 23. fxe3 Bh6 24. Kf2 f5 25. g3 g5 26. Nd6 Rf8 27. Rb3 f4
28. gxf4 gxf4 29. e4 1-0

[Event "Copa Oscar Edo."]
[Site "http://www.queenalice.com/game.php?id=666424"]
[Date "2009.10.12"]
[Round "4"]
[White "javierqz"]
[Black "Undertaker"]
[Result "1-0"]
[WhiteElo "2120"]
[BlackElo "1893"]

1. e4 e5 2. Nc3 Nc6 3. f4 exf4 4. Nf3 Bb4 5. Bc4 d6 6. O-O Bg4 7. d4 Nf6 8. Bxf4
Bxc3 9. bxc3 Nxe4 10. Bxf7+ Kxf7 11. Ng5+ Kg6 12. Qxg4 Nxg5 13. Bd2 h5 14. Qf5+
Kh6 15. h4 g6 16. Bxg5+ 1-0

[Event "AUTO-MASTER-1020"]
[Site "http://www.queenalice.com/game.php?id=717775"]
[Date "2010.1.21"]
[Round "1"]
[White "gnomium"]
[Black "javierqz"]
[Result "0-1"]
[WhiteElo "1986"]
[BlackElo "2109"]

1. e4 d5 2. exd5 Qxd5 3. Nc3 Qd6 4. d4 Nf6 5. Nf3 a6 6. Bc4 b5 7. Bb3 Bb7 8. O-O
e6 9. Bg5 Nbd7 10. Re1 Be7 11. d5 exd5 12. Qe2 Kf8 13. Rad1 Re8 14. Nd4 Bd8 15.
Qf3 Rxe1+ 16. Rxe1 Ne5 17. Qf5 Nc4 18. Bxc4 bxc4 19. Nf3 h6 20. Bf4 Qd7 0-1

[Event "AUTO-MASTER-1020"]
[Site "http://www.queenalice.com/game.php?id=717776"]
[Date "2010.1.21"]
[Round "1"]
[White "javierqz"]
[Black "gnomium"]
[Result "0-1"]
[WhiteElo "2120"]
[BlackElo "2146"]

1. e4 d5 2. exd5 Qxd5 3. Nc3 Qd6 4. Nf3 Bg4 5. Be2 Nc6 6. O-O O-O-O 7. d3 e5 8.
Be3 Nf6 9. a3 h5 10. h3 Bxf3 11. Bxf3 Nd4 12. Be2 Be7 13. Bxd4 Qxd4 14. Qd2 Rhe8
15. Bf3 e4 0-1

[Event "AUTO-MASTER-1020"]
[Site "http://www.queenalice.com/game.php?id=717791"]
[Date "2010.1.21"]
[Round "1"]
[White "djpiu2"]
[Black "javierqz"]
[Result "0-1"]
[WhiteElo "2098"]
[BlackElo "2126"]

1. d4 Nf6 2. c4 d5 3. Nc3 g6 4. e3 Bg7 5. Nf3 O-O 6. g3 Be6 7. cxd5 Nxd5 8. Bg2
Nxc3 9. bxc3 Bc4 10. Nd2 Ba6 11. c4 c5 12. Bb2 cxd4 13. Bxd4 Bxd4 14. exd4 Qxd4
15. O-O Nc6 16. Qc1 Ne5 17. Rd1 Nd3 18. Qc2 Qxf2+ 19. Kh1 Qf5 20. Be4 Nf2+ 21.
Kg1 Nxe4 22. Nxe4 Rac8 23. Rd5 Qe6 24. Rd4 Bxc4 25. Qf2 Rfd8 26. Rxd8+ Rxd8 27.
Re1 Qa6 28. Nc5 Qb6 29. Rc1 Bd5 30. Rd1 e6 31. a3 Rc8 32. Nd7 Qxf2+ 33. Kxf2
Rc2+ 34. Ke3 Rxh2 35. Nf6+ Kg7 36. Nxd5 exd5 37. Rxd5 Rb2 38. a4 Rb4 39. a5 a6
40. Rd7 Rb5 41. Rc7 Rxa5 42. Rxb7 Rb5 43. Ra7 Rb3+ 44. Kf4 Ra3 45. Kg4 a5 46.
Kh3 a4 47. Kh2 Ra1 48. Kg2 a3 49. Kf2 a2 50. Ke2 Rg1 51. Rxa2 Rg2+ 0-1

[Event "AUTO-MASTER-1020"]
[Site "http://www.queenalice.com/game.php?id=717792"]
[Date "2010.1.21"]
[Round "1"]
[White "javierqz"]
[Black "djpiu2"]
[Result "1/2-1/2"]
[WhiteElo "2137"]
[BlackElo "2077"]

1. e4 c6 2. d4 d5 3. Nc3 e6 4. Nf3 dxe4 5. Nxe4 h6 6. Bd3 Nd7 7. Bf4 Ngf6 8.
Nd6+ Bxd6 9. Bxd6 Nd5 10. O-O N7f6 11. Ba3 Ne7 12. Re1 O-O 13. c3 Re8 14. Ne5
Nf5 15. Nc4 Nd5 16. Bxf5 exf5 17. Rxe8+ Qxe8 18. Nd6 Qd7 19. Nc4 Qe8 20. Qd2 Be6
21. Re1 Nb6 22. Nd6 Qd7 23. b3 Nc8 24. Nxc8 Rxc8 25. Qf4 Re8 26. Qd6 Bxb3 27.
Ra1 Qxd6 28. Bxd6 Re6 29. axb3 Rxd6 30. Rxa7 b5 31. Re7 b4 32. cxb4 Rxd4 33. Kf1
Rxb4 34. Re3 Re4 35. Ke2 Kf8 36. Kd3 Rxe3+ 37. Kxe3 Ke7 38. Kd4 Kd6 39. b4 g5
40. f3 h5 41. g3 Kc7 42. Kc5 f6 43. f4 Kd7 44. Kc4 Kd6 45. Kd4 g4 46. Kc4 Kc7
47. Kc5 Kd7 48. Kc4 Kd6 49. Kd4 Ke6 50. Kc5 Kd7 1/2-1/2

[Event "AUTO-MASTER-1020"]
[Site "http://www.queenalice.com/game.php?id=717801"]
[Date "2010.1.21"]
[Round "1"]
[White "devagar"]
[Black "javierqz"]
[Result "0-1"]
[WhiteElo "2021"]
[BlackElo "2117"]

1. e4 d5 2. exd5 Qxd5 3. Nc3 Qd6 4. Nf3 Nf6 5. Be2 a6 6. O-O b5 7. a3 Bb7 8. Re1
e6 9. d4 Be7 10. Be3 O-O 11. Qd2 Nbd7 12. Rad1 Rfd8 13. b4 Nd5 14. Bg5 Bxg5 15.
Nxg5 h6 16. Nge4 Qb6 17. Bf3 Ne7 18. Qf4 Ng6 19. Qe3 e5 20. Nc5 Bxf3 21. Qxf3
Nxc5 22. dxc5 Qe6 23. Nd5 Rac8 24. Nxc7 Qc4 25. Nxa6 Qxc2 26. Rxd8+ Rxd8 27. c6
Rd3 28. Qe4 f5 29. Qxf5 Rd1 30. Qe4 Qxe4 31. Rxd1 Qxc6 0-1

[Event "AUTO-MASTER-1020"]
[Site "http://www.queenalice.com/game.php?id=717802"]
[Date "2010.1.21"]
[Round "1"]
[White "javierqz"]
[Black "devagar"]
[Result "1-0"]
[WhiteElo "2135"]
[BlackElo "1988"]

1. d4 d5 2. Nf3 Nc6 3. c4 e6 4. Nc3 Nf6 5. Bg5 Be7 6. e3 O-O 7. Bd3 dxc4 8. Bxc4
a6 9. O-O b5 10. Bb3 Bb7 11. a3 Na5 12. Bc2 Nc4 13. Rb1 Nd5 14. Bxe7 Qxe7 15.
Qd3 g6 16. Ne4 Rad8 17. Nc5 Rb8 18. Nxb7 Rxb7 19. Nd2 Nxd2 20. Qxd2 c5 21. dxc5
Qxc5 22. Rfc1 Qe7 23. Be4 Rd8 24. Qa5 Qd6 25. Rd1 Rbb8 26. Rbc1 Qb6 27. Qe1 Qb7
28. Rd2 Rd6 29. Bf3 Qd7 30. Rcd1 Rbb6 31. Rd4 Ne7 32. Qc3 Nf5 33. Rxd6 Rxd6 34.
Rxd6 Qxd6 35. b4 Ne7 36. h3 h6 37. Kf1 Nd5 38. Qd4 Qc6 39. Qc5 Qxc5 40. bxc5 Nc7
41. Ke2 Kf8 42. Kd3 f5 43. Bc6 Ke7 44. Kd4 Kf6 45. f4 g5 46. g3 g4 47. h4 h5 48.
Kc3 e5 49. Kb4 exf4 50. exf4 Ne6 51. Bb7 a5+ 52. Kxb5 a4 53. Kb6 1-0

[Event "AUTO-MASTER-1020"]
[Site "http://www.queenalice.com/game.php?id=811028"]
[Date "2010.7.30"]
[Round "2"]
[White "javierqz"]
[Black "djpiu2"]
[Result "0-1"]
[WhiteElo "2145"]
[BlackElo "2135"]

1. e4 c6 2. d4 d5 3. exd5 cxd5 4. Nf3 Bf5 5. Nc3 h6 6. Be2 e6 7. O-O Nf6 8. h3
Bd6 9. Nb5 O-O 10. Nxd6 Qxd6 11. c3 Nbd7 12. Be3 Nb6 13. b3 Rac8 14. Rc1 Rc6 15.
Ne5 Rc7 16. c4 dxc4 17. bxc4 Qe7 0-1

[Event "AUTO-MASTER-1020"]
[Site "http://www.queenalice.com/game.php?id=811029"]
[Date "2010.7.30"]
[Round "2"]
[White "djpiu2"]
[Black "javierqz"]
[Result "1-0"]
[WhiteElo "2157"]
[BlackElo "2131"]

1. d4 Nf6 2. c4 g6 3. Nc3 d5 4. e3 Bg7 5. Bd3 O-O 6. Nf3 Bg4 7. h3 Be6 8. cxd5
Nxd5 9. O-O c6 10. Nxd5 Bxd5 11. b3 Nd7 12. Bb2 Nf6 13. Re1 Be4 14. Bxe4 Nxe4
15. Qb1 Nf6 16. e4 Qb6 17. Qc2 Rad8 18. Bc1 Rd7 19. Be3 Qc7 20. e5 Nd5 21. Qd2
Nxe3 22. Qxe3 e6 23. Nd2 b5 24. Nf3 Rfd8 25. Rec1 Rd5 26. a4 a6 27. axb5 axb5
28. Ra6 c5 29. Rxc5 Rxc5 30. dxc5 Rd5 31. Ra8+ 1-0

[Event "AUTO-MASTER-1020"]
[Site "http://www.queenalice.com/game.php?id=811032"]
[Date "2010.7.30"]
[Round "2"]
[White "javierqz"]
[Black "JDZ"]
[Result "0-1"]
[WhiteElo "2133"]
[BlackElo "2518"]

1. d4 Nf6 2. c4 e6 3. Nc3 Bb4 4. Qc2 O-O 5. Nf3 c5 6. a3 Bxc3+ 7. bxc3 Nc6 8. e3
b6 9. Bd3 Ba6 10. O-O Na5 11. Qa4 Rc8 12. Bb2 cxd4 13. cxd4 Bxc4 14. Bxc4 Nxc4
15. Bc3 Nxe3 16. fxe3 Rxc3 0-1

[Event "AUTO-MASTER-1020"]
[Site "http://www.queenalice.com/game.php?id=811033"]
[Date "2010.7.30"]
[Round "2"]
[White "JDZ"]
[Black "javierqz"]
[Result "1-0"]
[WhiteElo "2516"]
[BlackElo "2132"]

1. e4 d5 2. exd5 Qxd5 3. Nc3 Qd6 4. d4 Nf6 5. Nf3 a6 6. g3 b5 7. Bg2 Bb7 8. O-O
e6 9. Bf4 Qb6 10. a4 b4 11. a5 Qa7 12. Na4 Bd6 13. Bxd6 cxd6 14. Nb6 O-O 15.
Nxa8 Qxa8 16. Ra4 Nd5 17. Nh4 Nd7 18. Bxd5 Bxd5 19. Qd2 Nf6 20. Rxb4 Ne4 21. Qe2
1-0